Consultoría para el desarrollo, fortalecimiento y difusión del CHM (Registro nro. 8847)

Detalles MARC
000 -CABECERA
Campo de control 00531nam a22001817a 4500
005 - FECHA Y HORA DE LA ULTIMA TRANSACCION
Campo de control 20150731020002.0
008 - ELEMENTOS DE LONGITUD FIJA—INFORMACION GENERAL
Campo de control 141128b xxu||||| |||| 00| 0 spa d
040 ## - FUENTE DE CATALOGACIÓN
Agencia transcriptora CO-BoIH
041 ## - IDIOMA
Código de idioma para texto/pista de sonido o título separado Español
044 ## - PAÍS DE PUBLICACIÓN
País de publicación Colombia
090 ## - CLASIFICACIÓN LOCAL
Colección IAVH
Consecutivo 00194
100 ## - ASIENTO PRINCIPAL--NOMBRE PERSONAL
Nombre personal Galindo, Pilar
245 ## - MENCION DE TITULO
Título Consultoría para el desarrollo, fortalecimiento y difusión del CHM
Parte restante del título Informe de Avance II
260 ## - PUBLICACION, DISTRIBUCION, ETC. (PIE DE IMPRENTA)
Lugar de publicación, distribución, etc. Bogotá
Nombre del editor, distribuidor, etc. Instituto Alexander Von Humboldt
Fecha de publicación, distribución, etc. 2006
300 ## - DESCRIPCION FISICA
Extensión 26 p.
700 ## - ASIENTO SECUNDARIO - NOMBRE PERSONAL
Nombre personal Yepes Guzmán, Adriana
942 ## - ELEMENTOS ADICIONALES (KOHA)
Sistema de clasificación Local
Tipo de ítem Informe Técnico
Koha issues (borrowed), all copies 1
Existencias
Withdrawn status Lost status Sistema de Clasificación Damaged status No para préstamo Colección Inventariado Ubicación Permanente Ubicación actual Fecha de adquisición Total Checkouts Total Renewals Número topográfico Inventario / Código de Barras Date last seen Date checked out Ejemplar Price effective from Forma de adquisición Tipo de material
    Local     Humboldt Inventariado 2017 Bogotá Bogotá 28/11/2014 1 2 IAVH-00194 024786 09/08/2024 30/07/2015 Ej. 1 28/11/2014 Institucional Informe Técnico